000 00486nam a2200181Ia 4500
001 1926
005 20260306143804.0
008 260306t2012||||xx |||||||||||||| ||spa||
041 _aESP
082 _a158.1
_bR71
100 _aRobbins, Anthony
_eAUT
245 0 _aDespertando al gigante interior:
_bun viaje de autodescubrimiento hacia la realización personal
260 _c2012
300 _a718 pƔginas :
_c19 cm.
650 _aGEN
654 _aCPS
942 _cLIB
_dJUS
_fJUS
_2ddc
_n
999 _c1926
_d1926